|
|
|
|
| LEADER |
00000cas a2200000 a 4500 |
| 001 |
037116 |
| 003 |
UAHC_CL |
| 005 |
20170803124109.0 |
| 008 |
090226s cl 000 spa |
| 040 |
|
|
|a UAHC_CL
|c UAHC_CL
|d UAHC_CL
|
| 245 |
1 |
3 |
|a El pizarrón /
|c PIIE, Taller de Nueva Educación.
|
| 260 |
|
|
|b PIIE
|c -
|a Santiago, Chile
|
| 300 |
|
|
|a v.
|
| 310 |
|
|
|a Semestral
|
| 650 |
|
4 |
|a EDUCACION
|x PUBLICACIONES PERIODICAS
|
| 710 |
1 |
|
|a PIIE
|
| 900 |
|
|
|a PIZARRON
|
| 942 |
|
|
|c REV
|
| 952 |
|
|
|0 0
|1 0
|4 0
|6 PIZARRON_47_87_000000000000000
|7 0
|8 General
|9 71016
|a BC
|b BC
|c General
|d 2017-08-03
|l 0
|o PIZARRON-47/87
|p 1370881
|r 2019-01-15 00:00:00
|t 1
|w 2017-08-03
|y REV
|
| 952 |
|
|
|0 0
|1 0
|4 0
|6 PIZARRON_53_89_000000000000000
|7 0
|8 General
|9 71017
|a BC
|b BC
|c General
|d 2017-08-03
|l 0
|o PIZARRON-53/89
|p 1370887
|r 2022-05-13 00:00:00
|t 1
|w 2017-08-03
|y REV
|
| 999 |
|
|
|c 37116
|d 37116
|